ბათუმის შოთა რუსთაველის სახელმწიფო უნივერსიტეტის ბიბლიოთეკა

სასჯელი და სოციალური დაცვის ღონისძიებანი / (ბიბ.ჩანაწერი № 59060)

000 -ლიდერი
ფიქსირებული სიგრძის საკონტროლო ველი 00922nam a22002057a 4500
003 - საკონტროლო ნომრის იდენტიფიკატორი
საკონტროლო ველი Ge_BSU
005 - ბოლო ოპერაციის თარიღი და დრო
საკონტროლო ველი 20221115124215.0
008 - ფიქსირებული სიგრძის მონაცემთა ელემენტები - ზოგადი ინფორმაცია
ფიქსირებული სიგრძის საკონტროლო ველი 221115s1960 ge ||||| |||| 00| 0 geo d
041 ## - ენის კოდი
Language code of text/sound track or separate title geo
080 ## - უნივერსალური ათობითი კლასიფიკაციის ინდექსი
Universal Decimal Classification number 343.24 + 364 ვ-26
100 ## - მთავარი ჩანაწერი - პიროვნების სახელი
Personal name ვაჩეიშვილი, ა.
9 (RLIN) 3974
245 ## - ცნობა სათაურის შესახებ
Title სასჯელი და სოციალური დაცვის ღონისძიებანი /
Statement of responsibility, etc ა. ვაჩეიშვილი; რედ. ი. პავლიაშვილი.
264 ## - წარმოების, გამოცემის, დისტრიბუციის და სხვა ცნობები
გამოცემის, წარმოების, დისტრიბუციის... ადგილი თბილისი :
გამოცემის, წარმოების, დისტრიბუციის... სახელწოდება თბილ. უნ-ტის გამ-ბა,
გამოცემის, წარმოების, დისტრიბუციის... თარიღი 1960.
300 ## - ფიზიკური აღწერა
Extent 318 გვ. ;
Other physical details 22 სმ.
504 ## - BIBLIOGRAPHY, ETC. NOTE
Bibliography, etc ბიბლიოგრ. შენიშვნებში
653 ## - INDEX TERM--UNCONTROLLED
Uncontrolled term სასჯელი
653 ## - INDEX TERM--UNCONTROLLED
Uncontrolled term სოციალური დაცვა
700 ## - ADDED ENTRY--PERSONAL NAME
Personal name პავლიაშვილი, ი.
Relator term რედაქტორი
9 (RLIN) 15832
942 ## - ADDED ENTRY ELEMENTS (KOHA)
Source of classification or shelving scheme
Koha item type წიგნი
ეგზემპლარები
ჩამოწერის სტატუსი დაკარგული ეგზემპლარის სტატუსი კლასიფიკაციის წყარო ან თაროზე გაწყობის სქემა დაზიანების სტატუსი არ გაიცემა მუდმივი მდებარეობა (დაცვის ადგილი) ამჟამინდელი ადგილსამყოფელი თაროზე განთავსების ადგილი შეძენის თარიღი ღირებულება, შესყიდვის ნორმალური ფასი სრული შენახვის შიფრი შტრიხკოდი ბოლო ოპერაციის თარიღი ეგზემპლარის მიმდევრობითი ნომერი (კეტერი?) ფასის ძალაში შესვლის თარიღი ეგზემპლარის სახეობა საჯარო შენიშვნა
          ბათუმის შოთა რუსთაველის სახელმწიფო უნივერსიტეტის მთავარი ბიბლიოთეკა ბათუმის შოთა რუსთაველის სახელმწიფო უნივერსიტეტის მთავარი ბიბლიოთეკა წიგნსაცავი 2022-11-15 2.32 343.24 + 364 ვ-26 28878 2022-11-15 28878 2022-11-15 წიგნი 2 ლ. 32 თ.